000
00307nam a22001457a 4500
008
210309b ||||| |||| 00| 0 eng d
020
_a
9780073137025
041
_a
eng
080
_a
51
082
_2
51
100
_a
37
101
_a
MAT
245
_a
College Algebra
_c
John W. Coburn
942
_2
udc
_c
BK
999
_c
56091
_d
56091